000
00293nam a2200121Ia 4500
008
190216s9999||||xx |||||||||||||| ||und||
100
_a
Shanthi Narayan
245
2
_a
A Course Of Amthematical Analysis
260
_b
S Chand & Co
_c
1968
300
_a
436p
650
_a
Mathematics
942
_c
BK
999
_c
30496
_d
30496